[Event "Oberliga Bayern 1617"]
[Site "Bayern"]
[Date "2017.04.02"]
[Round "8.8"]
[White "Wiesinger, Robert"]
[Black "Wockenfuss, Klaus"]
[Result "1-0"]
[WhiteElo "2189"]
[BlackElo "2232"]
[PlyCount "117"]
[EventDate "2016.10.16"]
[EventType "team-tourn"]
[EventRounds "9"]
[EventCountry "GER"]
[SourceTitle "EXT 2019"]
[Source "ChessBase"]
[SourceDate "2018.10.10"]
[SourceVersion "1"]
[SourceVersionDate "2018.10.10"]
[SourceQuality "1"]
[WhiteTeam "Weilheim"]
[BlackTeam "Bayern Muenchen II"]
[WhiteTeamCountry "GER"]
[BlackTeamCountry "GER"]

1. e4 Nc6 2. Nf3 d6 3. d4 Nf6 4. Nc3 Bg4 5. Be2 e6 6. Be3 Be7 7. h3 Bh5 8. d5 exd5 9. exd5 Bxf3 10. Bxf3 Ne5 11. Be2 0-0 12. Qd2 c5 13. f4 Ned7 14. g4 Ne8 15. g5 f5 16. Nd1 a6 17. a4 b6 18. c4 Nc7 19. Nc3 Re8 20. h4 Bf8 21. Bd3 g6 22. Kf1 Bg7 23. Re1 Qe7 24. h5 Qf7 25. hxg6 hxg6 26. Re2 Re7 27. Reh2 Nf8 28. Rh3 Qe8 29. b3 Kf7 30. Nd1 b5 31. a5 bxc4 32. bxc4 Rb8 33. Qc2 Qd7 34. Bd2 Ke8 35. Bc3 Bd4 36. Bxd4 cxd4 37. Rh8 Rf7 38. Rg8 Qe7 39. Qa4+ Kd8 40. Rhh8 Ne8 41. Qa1 Rb3 42. Qxd4 Nd7 43. Rxe8+ Qxe8 44. Rxe8+ Kxe8 45. Bc2 Rh3 46. Ba4 Rfh7 47. Nf2 Ra3 48. Bc6 Kd8 49. Qa7 Re7 50. Qa8+ Kc7 51. Bxd7 Rxd7 52. Qxa6 Ra1+ 53. Kg2 Ra2 54. Qc6+ Kd8 55. a6 Ke7 56. c5 dxc5 57. Qf6+ Ke8 58. Qxg6+ Rf7 59. Qg8+ 1-0

[Event "Oberliga Bayern 1617"]
[Site "Bayern"]
[Date "2016.12.04"]
[Round "3.6"]
[White "Wockenfuss, Klaus"]
[Black "Leeb, Simon"]
[Result "1/2-1/2"]
[WhiteElo "2232"]
[BlackElo "2103"]
[PlyCount "83"]
[EventDate "2016.10.16"]
[EventType "team-tourn"]
[EventRounds "9"]
[EventCountry "GER"]
[SourceTitle "EXT 2019"]
[Source "ChessBase"]
[SourceDate "2018.10.10"]
[SourceVersion "1"]
[SourceVersionDate "2018.10.10"]
[SourceQuality "1"]
[WhiteTeam "Bayern Muenchen II"]
[BlackTeam "Muenchen Suedost"]
[WhiteTeamCountry "GER"]
[BlackTeamCountry "GER"]

1. d4 d5 2. Nf3 Nf6 3. e3 c5 4. c4 Nc6 5. Nc3 Bg4 6. cxd5 Nxd5 7. Bb5 Rc8 8. 0-0 e6 9. e4 Nxc3 10. bxc3 Bd6 11. d5 a6 12. dxc6 axb5 13. cxb7 Rb8 14. a4 0-0 15. axb5 Rxb7 16. c4 Rd7 17. Qe2 Bb8 18. h3 Bh5 19. Bb2 Qc8 20. Rfd1 Rfd8 21. Rxd7 Qxd7 22. g4 Bg6 23. Re1 f6 24. Qe3 Qc7 25. Ba3 Ba7 26. Kg2 Rd7 27. Re2 Bb6 28. Bb2 Qb7 29. Rd2 Bxe4 30. Rxd7 Bxf3+ 31. Qxf3 Qxd7 32. Qe3 Kf7 33. g5 Qb7+ 34. Kg1 e5 35. gxf6 gxf6 36. Qh6 Qe4 37. Qh5+ Ke7 38. Kh2 Qf4+ 39. Kg2 Qe4+ 40. Kh2 Qf4+ 41. Kg2 Qxc4 42. Qxh7+ 1/2-1/2

[Event "Oberliga Bayern 1415"]
[Site "Germany"]
[Date "2015.01.18"]
[Round "5.6"]
[White "Willim, Michael"]
[Black "Wockenfuss, Klaus"]
[Result "0-1"]
[WhiteElo "2126"]
[BlackElo "2288"]
[PlyCount "132"]
[EventDate "2014.10.19"]
[EventType "team-tourn"]
[EventRounds "9"]
[EventCountry "GER"]
[SourceTitle "EXT 2016"]
[Source "ChessBase"]
[SourceDate "2015.10.08"]
[SourceVersion "1"]
[SourceVersionDate "2015.10.08"]
[SourceQuality "1"]
[WhiteTeam "Erlangen"]
[BlackTeam "Bayern Muenchen II"]
[WhiteTeamCountry "GER"]
[BlackTeamCountry "GER"]

1. g3 Nf6 2. c4 g6 3. Bg2 Bg7 4. Nc3 0-0 5. e4 d6 6. Nge2 c5 7. 0-0 Nc6 8. d3 Bd7 9. h3 Rb8 10. Be3 a6 11. Rc1 b5 12. cxb5 axb5 13. d4 cxd4 14. Nxd4 Nxd4 15. Bxd4 Qa5 16. e5 dxe5 17. Bxe5 Rbd8 18. Qb3 b4 19. Bxf6 Bxf6 20. Nd5 Be6 21. Nxf6+ exf6 22. Qf3 Kg7 23. a3 Rd2 24. Rfd1 Rxb2 25. axb4 Qxb4 26. Qe3 Qb6 27. Qxb6 Rxb6 28. Rd2 Rfb8 29. Kh2 Rb2 30. Rcc2 Rxc2 31. Rxc2 g5 32. Rd2 Rb4 33. Bd5 h5 34. Kg2 h4 35. g4 f5 36. Bxe6 fxe6 37. gxf5 exf5 38. Rd6 Kf7 39. Ra6 Re4 40. Kf3 Re6 41. Ra5 Kf6 42. Rb5 Ra6 43. Rc5 Ra3+ 44. Kg2 Ra4 45. Rb5 Kg6 46. Rb6+ Kh5 47. Rb8 g4 48. hxg4+ Rxg4+ 49. Kh3 Rc4 50. Rh8+ Kg5 51. Rg8+ Kf4 52. Rf8 Rc2 53. Kg2 h3+ 54. Kxh3 Rxf2 55. Ra8 Re2 56. Ra4+ Kf3 57. Ra3+ Re3 58. Ra2 f4 59. Rb2 Re4 60. Ra2 Rd4 61. Kh2 Rd3 62. Kg1 Rd1+ 63. Kh2 Ke3 64. Kg2 f3+ 65. Kg3 Rg1+ 66. Kh2 f2 0-1

[Event "BL2-Ost 1011"]
[Site "Germany"]
[Date "2011.02.06"]
[Round "6.5"]
[White "Wockenfuss, Klaus"]
[Black "Boehnisch, Manfred"]
[Result "0-1"]
[WhiteElo "2310"]
[BlackElo "2301"]
[PlyCount "82"]
[EventDate "2010.10.10"]
[EventType "team-tourn"]
[EventRounds "9"]
[EventCountry "GER"]
[SourceTitle "EXT 2012"]
[Source "ChessBase"]
[SourceDate "2011.11.24"]
[SourceVersion "1"]
[SourceVersionDate "2011.11.24"]
[SourceQuality "1"]
[WhiteTeam "Bayern Muenchen II"]
[BlackTeam "Leipzig Mitte"]
[WhiteTeamCountry "GER"]
[BlackTeamCountry "GER"]

1. g3 d5 2. Bg2 c6 3. d3 Nf6 4. Nf3 Bg4 5. h3 Bh5 6. 0-0 Nbd7 7. c4 e6 8. b3 Bc5 9. Bb2 Qb8 10. Nbd2 0-0 11. Qc2 a5 12. a3 h6 13. Rac1 Bg6 14. Kh2 Bd6 15. e4 dxe4 16. Nxe4 Nxe4 17. dxe4 Nc5 18. Rfe1 Rd8 19. Nh4 Bh7 20. Rcd1 Be7 21. Rxd8+ Qxd8 22. Rd1 Qb6 23. Qe2 Qxb3 24. Bd4 Qxa3 25. Rb1 a4 26. Qg4 Bf8 27. Qh5 Qd3 28. Rd1 Qxc4 29. Nf3 f6 30. e5 f5 31. Bxc5 g6 32. Qh4 Qxh4 33. gxh4 Bxc5 34. Rd7 a3 35. Nd2 a2 36. Nb3 Bxf2 37. Rxb7 Bd4 38. Bxc6 Bxe5+ 39. Kg2 Rb8 40. Ra7 Rxb3 41. Rxa2 Rb2+ 0-1

[Event "Oberliga Bayern 0708"]
[Site "Bayern"]
[Date "2007.11.04"]
[Round "2.3"]
[White "Wockenfuss, Klaus"]
[Black "Zach, Andreas"]
[Result "1/2-1/2"]
[WhiteElo "2299"]
[BlackElo "2230"]
[PlyCount "25"]
[EventDate "2007.10.21"]
[EventType "team-tourn"]
[EventRounds "9"]
[EventCountry "GER"]
[SourceTitle "EXT 2009"]
[Source "ChessBase"]
[SourceDate "2008.11.26"]
[SourceVersion "1"]
[SourceVersionDate "2008.11.26"]
[SourceQuality "1"]
[WhiteTeam "Bayern Muenchen II"]
[BlackTeam "Groebenzell"]
[WhiteTeamCountry "GER"]
[BlackTeamCountry "GER"]

1. Nf3 d5 2. c4 c6 3. b3 Bf5 4. Bb2 e6 5. g3 h6 6. Bg2 Nf6 7. 0-0 Be7 8. d3 0-0 9. Nbd2 Nbd7 10. Rc1 a5 11. a3 Qb6 12. Qc2 Rfd8 13. Qb1 1/2-1/2

[Event "Oberliga Bayern 0607"]
[Site "Bayern"]
[Date "2007.04.01"]
[Round "8.3"]
[White "Wockenfuss, Klaus"]
[Black "Panteleev, Petar"]
[Result "1/2-1/2"]
[WhiteElo "2230"]
[BlackElo "2251"]
[PlyCount "25"]
[EventDate "2006.10.15"]
[EventType "team-tourn"]
[EventRounds "9"]
[EventCountry "GER"]
[SourceTitle "EXT 2008"]
[Source "ChessBase"]
[SourceDate "2007.11.25"]
[SourceVersion "1"]
[SourceVersionDate "2007.11.25"]
[SourceQuality "1"]
[WhiteTeam "Bayern Muenchen II"]
[BlackTeam "Muenchen 36"]
[WhiteTeamCountry "GER"]
[BlackTeamCountry "GER"]

1. d4 Nf6 2. Nc3 d5 3. Bg5 Nbd7 4. Nf3 e6 5. e3 c5 6. Be2 Be7 7. 0-0 0-0 8. Ne5 a6 9. f4 Ne8 10. Bxe7 Qxe7 11. e4 dxe4 12. Nxe4 Nef6 13. Nxd7 1/2-1/2

[Event "Oberliga Bayern 0607"]
[Site "Bayern"]
[Date "2007.02.04"]
[Round "5.3"]
[White "Schmitz, Thorsten"]
[Black "Wockenfuss, Klaus"]
[Result "1/2-1/2"]
[WhiteElo "2193"]
[BlackElo "2230"]
[PlyCount "55"]
[EventDate "2006.10.15"]
[EventType "team-tourn"]
[EventRounds "9"]
[EventCountry "GER"]
[SourceTitle "EXT 2008"]
[Source "ChessBase"]
[SourceDate "2007.11.25"]
[SourceVersion "1"]
[SourceVersionDate "2007.11.25"]
[SourceQuality "1"]
[WhiteTeam "Pasing"]
[BlackTeam "Bayern Muenchen II"]
[WhiteTeamCountry "GER"]
[BlackTeamCountry "GER"]

1. g3 g6 2. Bg2 Bg7 3. c4 c5 4. Nc3 Nc6 5. Nf3 Nf6 6. 0-0 0-0 7. d3 d6 8. a3 a6 9. Rb1 Rb8 10. b4 cxb4 11. axb4 b5 12. cxb5 axb5 13. h3 Bd7 14. Bd2 Qc7 15. e4 Rfc8 16. Qe2 e5 17. Rfc1 Qd8 18. Be3 h6 19. Qd2 Kh7 20. g4 Ne8 21. Ne2 Nc7 22. d4 exd4 23. Nexd4 Ne5 24. Nxe5 dxe5 25. Nb3 Ne6 26. Rxc8 Rxc8 27. Rd1 Be8 28. Qxd8 1/2-1/2

[Event "BL2-Sued 0102"]
[Site "Germany"]
[Date "2002.04.14"]
[Round "8.6"]
[White "Oberst, Thomas"]
[Black "Wockenfuss, Klaus"]
[Result "0-1"]
[WhiteElo "2274"]
[BlackElo "2310"]
[PlyCount "112"]
[EventDate "2001.10.07"]
[EventType "team-tourn"]
[EventRounds "9"]
[EventCountry "GER"]
[SourceTitle "CBM 088 Extra"]
[Source "ChessBase"]
[SourceDate "2002.07.01"]
[SourceVersion "2"]
[SourceVersionDate "2002.07.01"]
[SourceQuality "1"]
[WhiteTeam "Ulm"]
[BlackTeam "Bayern Muenchen"]
[WhiteTeamCountry "GER"]
[BlackTeamCountry "GER"]

1. e4 e6 2. d4 d5 3. Nd2 c5 4. exd5 exd5 5. Ngf3 Nc6 6. Bb5 Bd6 7. 0-0 Nge7 8. dxc5 Bxc5 9. Nb3 Bd6 10. c3 0-0 11. Bd3 h6 12. h3 Bf5 13. Nbd4 Bxd3 14. Qxd3 Qd7 15. Bd2 Rfe8 16. Rad1 a6 17. Bc1 Rad8 18. Rfe1 Nxd4 19. Nxd4 Ng6 20. Nf5 Rxe1+ 21. Rxe1 Bc5 22. Rd1 Qe6 23. Be3 Bxe3 24. Nxe3 Nf4 25. Qc2 Rd6 26. Kh2 g6 27. Qa4 Nh5 28. Qd4 Nf6 29. c4 Rb6 30. cxd5 Qd6+ 31. g3 Rb4 32. Qc3 Ne4 33. Qc2 Qe5 34. Nc4 Qf6 35. Kg2 Rxc4 36. Qe2 Nd6 37. b3 Re4 38. Qd2 Kg7 39. Rc1 Qd4 40. Qc2 Qxd5 41. Qc3+ Kh7 42. Kh2 Qd4 43. Qc2 Re7 44. Rd1 Qe5 45. Rd2 h5 46. h4 Nf5 47. Kg2 Qe4+ 48. Qxe4 Rxe4 49. Rd7 Re7 50. Rd2 Kg7 51. Kf3 Kf6 52. Kf4 Rc7 53. f3 Rc5 54. Rd3 Ke6 55. Rd8 Rd5 56. Re8+ Kf6 0-1

[Event "BL2-Sued 0102"]
[Site "Germany"]
[Date "2002.01.20"]
[Round "4.5"]
[White "Wockenfuss, Klaus"]
[Black "Beckhuis, Gernod"]
[Result "1/2-1/2"]
[WhiteElo "2310"]
[BlackElo "2282"]
[PlyCount "39"]
[EventDate "2001.10.07"]
[EventType "team-tourn"]
[EventRounds "9"]
[EventCountry "GER"]
[SourceTitle "CBM 088 Extra"]
[Source "ChessBase"]
[SourceDate "2002.07.01"]
[SourceVersion "2"]
[SourceVersionDate "2002.07.01"]
[SourceQuality "1"]
[WhiteTeam "Bayern Muenchen"]
[BlackTeam "Kirchheim"]
[WhiteTeamCountry "GER"]
[BlackTeamCountry "GER"]

1. d4 d5 2. Nf3 Nf6 3. c4 e6 4. Bg5 Be7 5. Nc3 h6 6. Bh4 0-0 7. e3 b6 8. Rc1 Bb7 9. cxd5 Nxd5 10. Bxe7 Qxe7 11. Bd3 Rc8 12. 0-0 Nxc3 13. Rxc3 c5 14. Qe2 Nd7 15. Ba6 cxd4 16. Rxc8+ Bxc8 17. Nxd4 Bxa6 18. Qxa6 Nc5 19. Qb5 e5 20. Nf3 1/2-1/2

[Event "Bayern-chI Bank Hofmann 4th"]
[Site "Bad Wiessee"]
[Date "2000.11.01"]
[Round "5"]
[White "Wockenfuss, Klaus"]
[Black "Hansen, Victor"]
[Result "1/2-1/2"]
[WhiteElo "2321"]
[BlackElo "2159"]
[PlyCount "91"]
[EventDate "2000.10.28"]
[EventType "swiss"]
[EventRounds "9"]
[EventCountry "GER"]
[SourceTitle "EXT 2003"]
[Source "ChessBase"]
[SourceDate "2002.11.25"]
[SourceVersion "1"]
[SourceVersionDate "2002.11.25"]
[SourceQuality "1"]

1. g3 d5 2. Bg2 Nf6 3. Nf3 c5 4. 0-0 Nc6 5. c4 e6 6. b3 Be7 7. Bb2 0-0 8. cxd5 exd5 9. d4 b6 10. Nc3 Bb7 11. Rc1 Rc8 12. Qd3 c4 13. bxc4 dxc4 14. Qxc4 Ne5 15. Qa4 Nc4 16. Ba1 Bc6 17. Qxc4 Bxf3 18. Qd3 Bxg2 19. Kxg2 Nd5 20. Qf3 Bg5 21. e3 Nxc3 22. Rxc3 Rxc3 23. Bxc3 Qd6 24. d5 Qa3 25. Bd4 Rd8 26. h4 Be7 27. Ra1 b5 28. e4 Qa4 29. Qc3 Bf6 30. Bxf6 Qxe4+ 31. f3 Qe2+ 32. Kh3 gxf6 33. Qxf6 Rxd5 34. Rc1 Qe8 35. Rc7 a5 36. Re7 Qf8 37. Re4 h6 38. Qc6 Rc5 39. Qd7 Kh7 40. Re8 Rd5 41. Qc8 Qg7 42. Qb7 Rf5 43. Qe4 Qg6 44. g4 Rf6 45. Qa8 Qg7 46. Qe4+ 1/2-1/2

[Event "Bayern-chI Bank Hofmann 3rd"]
[Site "Bad Wiessee"]
[Date "1999.10.27"]
[Round "5"]
[White "Heedt, Thorsten"]
[Black "Wockenfuss, Klaus"]
[Result "1/2-1/2"]
[WhiteElo "2207"]
[BlackElo "2327"]
[PlyCount "52"]
[EventDate "1999.10.23"]
[EventType "swiss"]
[EventRounds "9"]
[EventCountry "GER"]
[SourceTitle "EXT 2001"]
[Source "ChessBase"]
[SourceDate "2000.11.22"]
[SourceVersion "1"]
[SourceVersionDate "2000.11.22"]
[SourceQuality "1"]

1. Nf3 g6 2. g3 Bg7 3. Bg2 d6 4. d4 Nd7 5. 0-0 Ngf6 6. Nc3 0-0 7. Bg5 h6 8. Bf4 c5 9. d5 Ng4 10. e4 Nde5 11. Qc1 Nxf3+ 12. Bxf3 Kh7 13. Bg2 Bd7 14. Ne2 Qb6 15. b3 Bxa1 16. Qxa1 f6 17. Qc1 g5 18. Bd2 Ne5 19. f4 Nf7 20. c4 Rh8 21. Qc2 Kg7 22. Bc3 Rag8 23. Qb2 gxf4 24. gxf4 Qc7 25. Ng3 h5 26. e5 dxe5 1/2-1/2

[Event "Bayern-chI Bank Hofmann 3rd"]
[Site "Bad Wiessee"]
[Date "1999.10.26"]
[Round "4"]
[White "Wockenfuss, Klaus"]
[Black "Schuetzhold, Frank"]
[Result "1-0"]
[WhiteElo "2327"]
[BlackElo "2131"]
[PlyCount "59"]
[EventDate "1999.10.23"]
[EventType "swiss"]
[EventRounds "9"]
[EventCountry "GER"]
[SourceTitle "EXT 2001"]
[Source "ChessBase"]
[SourceDate "2000.11.22"]
[SourceVersion "1"]
[SourceVersionDate "2000.11.22"]
[SourceQuality "1"]

1. d4 Nf6 2. Nf3 e6 3. Bg5 Be7 4. c4 b6 5. Nc3 Bb7 6. Bxf6 Bxf6 7. e4 d6 8. Bd3 Nd7 9. Rc1 h6 10. 0-0 0-0 11. Re1 e5 12. d5 Qe7 13. b4 a5 14. a3 axb4 15. axb4 Rfc8 16. Qb3 Qe8 17. g3 g5 18. Nd2 Be7 19. Nf1 f6 20. Ne3 Bf8 21. Be2 Rcb8 22. Bg4 Bc8 23. Nb5 Qd8 24. Be6+ Kh8 25. Qd1 Bg7 26. Qh5 Nf8 27. Bxc8 Rxc8 28. Nf5 Kh7 29. Qf7 Qd7 30. Ne7 1-0